<?xml version="1.0" encoding="UTF-8"?>
<marc:record xmlns:marc="http://www.loc.gov/MARC21/slim">
   <marc:leader>00000nam a2200000 a 4500</marc:leader>
   <marc:datafield ind1="1" ind2=" " tag="100">
      <marc:subfield code="a">Rowling, J. K.</marc:subfield>
      <marc:subfield code="4">ctb</marc:subfield>
      <marc:subfield code="e">Mitwirkende/-r</marc:subfield>
   </marc:datafield>
   <marc:datafield ind1="1" ind2=" " tag="100">
      <marc:subfield code="a">Beck, Rufus</marc:subfield>
      <marc:subfield code="4">ctb</marc:subfield>
      <marc:subfield code="e">Mitwirkende/-r</marc:subfield>
   </marc:datafield>
   <marc:datafield ind1=" " ind2=" " tag="653">
      <marc:subfield code="a">Joanne K.</marc:subfield>
   </marc:datafield>
   <marc:datafield ind1=" " ind2=" " tag="653">
      <marc:subfield code="a">Rufus</marc:subfield>
   </marc:datafield>
   <marc:datafield ind1=" " ind2=" " tag="653">
      <marc:subfield code="a">CD</marc:subfield>
   </marc:datafield>
   <marc:datafield ind1="0" ind2="0" tag="245">
      <marc:subfield code="a">Harry Potter und die Kammer des Schreckens</marc:subfield>
   </marc:datafield>
   <marc:datafield ind1="0" ind2="0" tag="245">
      <marc:subfield code="b">vollständige Lesung ; ab 10 Jahren</marc:subfield>
   </marc:datafield>
   <marc:datafield ind1="0" ind2="0" tag="245">
      <marc:subfield code="c">Joanne K. Rowling. Gelesen von Rufus Beck. Aus dem Engl. von Klaus Fritz</marc:subfield>
   </marc:datafield>
   <marc:datafield ind1=" " ind2="1" tag="264">
      <marc:subfield code="a">München</marc:subfield>
      <marc:subfield code="b">Der Hörverl.</marc:subfield>
      <marc:subfield code="c">2007</marc:subfield>
   </marc:datafield>
   <marc:datafield ind1="1" ind2=" " tag="520">
      <marc:subfield code="a">Angaben aus der Verlagsmeldung

Harry Potter und die Kammer des Schreckens / von Joanne K Rowling

Die Sommerferien sind für Harry Potter die schrecklichste Zeit des Jahres - fernab von seinen Freunden und Lehrern, dafür in nächster Nähe zu seinen beschränkten Muggel-Verwandten. Aber auch diese schweren Wochen gehen irgendwann zu Ende, und Harry kehrt voller Tatendrang zurück nach Hogwarts, ins Zaubererinternat. Auch in seinem zweiten Jahr muss Harry nicht nur Schularbeiten bewältigen - eine schreckliche, dunkle Macht bedroht Harrys beste Freundin Hermine und versteinert sie. Aber Harry wäre nicht der berühmte Harry Potter, wenn er es nicht auch mit diesem Feind aufnehmen könnte. Sie können mit Ihrem Harry Potter nicht in den Urlaub fliegen, weil die CDs das zulässige Höchstgewicht fürs Handgepäck überschreiten? Sie lieben zwar Harry Potter, aber in Ihrem CD-Regal ist kein Platz mehr für 50 CDs? All diese Ausreden ziehen jetzt nicht mehr, denn im mp3-Format passen die ersten fünf Schuljahre von Harry Potter in jede Hosentasche. 2 mp3-CD Laufzeit ca. 673 Minuten Vollständige Lesung Sprecher: Rufus Beck
</marc:subfield>
   </marc:datafield>
   <marc:datafield ind1=" " ind2=" " tag="020">
      <marc:subfield code="a">9783867170642</marc:subfield>
      <marc:subfield code="9">9783867170642</marc:subfield>
   </marc:datafield>
   <marc:datafield ind1=" " ind2=" " tag="020">
      <marc:subfield code="a">3867170649</marc:subfield>
      <marc:subfield code="9">3867170649</marc:subfield>
   </marc:datafield>
   <marc:datafield ind1=" " ind2=" " tag="041">
      <marc:subfield code="a">ger</marc:subfield>
   </marc:datafield>
   <marc:datafield ind1=" " ind2=" " tag="300">
      <marc:subfield code="a">2 CDs (MP3)</marc:subfield>
   </marc:datafield>
</marc:record>
